Online Catalogue and eLibrary

South Asian peoples development agenda : (Record no. 438)

MARC details
000 -LEADER
fixed length control field 00647cam a2200169 a 4500
001 - CONTROL NUMBER
control field 14958181
005 - DATE AND TIME OF LATEST TRANSACTION
control field 20240220060117.0
008 - FIXED-LENGTH DATA ELEMENTS--GENERAL INFORMATION
fixed length control field 070809s2007 np b 100 0 eng
040 ## - CATALOGING SOURCE (பட்டியலாக்க மூலம்)
Original cataloging agency DLC
Transcribing agency DLC
082 ## - DDC Classification
DDC Edition Number 22
Class No. 320.9.
Item Number - Author Mark SOU.
245 10 - TITLE STATEMENT
Title South Asian peoples development agenda :
Remainder of title thematic commissions report : South Asian Peoples Summit, 2005 /
Statement of responsibility, etc. edited by Anand Aditya and Prakash Shrestha.
260 ## - PUBLICATION, DISTRIBUTION, ETC.
Place of publication, distribution, etc. Lalitpur :
Name of publisher, distributor, etc. South Asia Partnership International ;
Place of publication, distribution, etc. New Delhi :
Name of publisher, distributor, etc. South Asian Network for Social & Agricultural Development,
Date of publication, distribution, etc. 2005,
300 ## - PHYSICAL DESCRIPTION
Extent (e.g. Volumes, Pages etc.) 350 p. ;
700 1# - ADDED ENTRY--PERSONAL NAME
Personal name Aditya, Anand.
Relator term (Role) Editor
700 1# - ADDED ENTRY--PERSONAL NAME
Personal name Shrestha, Prakash.
Relator term (Role) Editor
942 ## - Koha item type (Biblio)
Koha item type Books in Stacks (Lending)
Holdings
Lost status Damaged status Collection code Home library Current library Date acquired Full call number Accession Number Item type
    Lending WERC Library WERC Library 02/20/2024 320.9. SOU. 5963 Books in Stacks (Lending)

© WERC Library